书目信息 |
| 题名: |
弗洛伊德潜意识心理学的哲学探究
|
|
| 作者: | 白新欢, 著 | |
| 分册: | ||
| 出版信息: | 杭州 浙江工商大学出版社 2016 |
|
| 页数: | 206页 | |
| 开本: | 24cm | |
| 丛书名: | ||
| 单 册: | ||
| 中图分类: | B84-065 , B842.7 | |
| 科图分类: | ||
| 主题词: | 下意识--xia yi shi--研究--奥地利--现代 | |
| 电子资源: | ||
| ISBN: | 978-7-5178-1854-0 | |
| 000 | 01167nam0 2200277 450 | |
| 001 | 1773595209 | |
| 005 | 20161119135948.4 | |
| 010 | @a978-7-5178-1854-0@dCNY42.00 | |
| 100 | @a20161118d2016 em y0chiy50 ea | |
| 101 | 0 | @achi |
| 102 | @aCN@b330000 | |
| 105 | @ay a 000yy | |
| 106 | @ar | |
| 200 | 1 | @a弗洛伊德潜意识心理学的哲学探究@Afu luo yi de qian yi shi xin li xue de zhe xue tan jiu@f白新欢著 |
| 210 | @a杭州@c浙江工商大学出版社@d2016 | |
| 215 | @a206页@d24cm | |
| 314 | @a白新欢, 1967年5月生, 河北省行唐县人, 哲学博士。现为华南理工大学副教授, 主要从事西方哲学、马克思主义哲学等教学和研究工作, 发表论文40余篇。 | |
| 320 | @a有书目 | |
| 330 | @a本书从哲学层面对弗洛伊德潜意识心理学产生的哲学背景, 该理论的发展演变、核心内容, 理论内在的矛盾冲突, 以及与西方不同流派哲学之间的交融与分歧, 进行了整体性评析, 并从中总结出其产生存在的哲学意义和社会意义。 | |
| 600 | 1 | @a弗洛伊德@Afu luo yi de@g(Freud, Sigmmund),@f1856-1939@x下意识@x研究 |
| 606 | 0 | @a下意识@Axia yi shi@x研究@y奥地利@z现代 |
| 690 | @aB84-065@v5 | |
| 690 | @aB842.7@v5 | |
| 701 | 0 | @a白新欢,@Abai xin huan@f1967-@4著 |
| 801 | 0 | @aCN@b人天书店@c20161118 |
| 905 | @aBZT@dB84-065@e58 | |
| 弗洛伊德潜意识心理学的哲学探究/白新欢著.-杭州:浙江工商大学出版社,2016 |
| 206页;24cm |
| ISBN 978-7-5178-1854-0:CNY42.00 |
| 本书从哲学层面对弗洛伊德潜意识心理学产生的哲学背景, 该理论的发展演变、核心内容, 理论内在的矛盾冲突, 以及与西方不同流派哲学之间的交融与分歧, 进行了整体性评析, 并从中总结出其产生存在的哲学意义和社会意义。 |
| ● |
| 相关链接 |
|
|
|
正题名:弗洛伊德潜意识心理学的哲学探究
索取号:B84-065/58
 
预约/预借
| 序号 | 登录号 | 条形码 | 馆藏地/架位号 | 状态 | 备注 |
| 1 | 824261 | 2000824261 | 第二书库/ [索取号:B84-065/58] | 在馆 | |
| 2 | 824262 | 2000824262 | 第二书库/ [索取号:B84-065/58] | 在馆 | |
| 3 | 824263 | 2000824263 | 第二书库/ [索取号:B84-065/58] | 在馆 |